banner koha

Atividade tóxica de isolados de Bacillus thuringiensis a larvas de Aedes aegypti (L.)(Diptera: Culicidae) (Registro n. 220921)

MARC details
000 -LÍDER
campo de controle de tamanho fixo 01046nas a2200349 4500
001 - NÚMERO DE CONTROLE
campo de controle BR2012005559
003 - IDENTIFICADOR DO NÚMERO DE CONTROLE
campo de controle BR-BrBNA
005 - DATA E HORÁRIO DA ÚLTIMA TRANSAÇÃO
campo de controle 20231205120915.0
007 - CAMPO FIXO DE DESCRIÇÃO FÍSICA--INFORMAÇÃO GERAL
campo de controle de tamanho fixo ta
008 - CAMPO DE DADOS FIXOS--INFORMAÇÃO GERAL
campo de controle de tamanho fixo 230509b bl.|||p| |||| 00| 00por d
040 ## - FONTE DA CATALOGAÇÃO
Instituição da catalogação original BR-BrBNA
Idioma da catalogação por
Instituição que transcreveu o registro Biblioteca Nacional de Agricultura
041 ## - CÓDIGO DE IDIOMA
Código do idioma do texto/trilha sonora ou título diferente (Pt)
072 ## - CÓDIGO DE CATEGORIA DE ASSUNTO
Código de Categoria de Assunto L72
100 1# - ENTRADA PRINCIPAL--NOME PESSOAL
Nome pessoal Costa, J.R.V. da
100 1# - ENTRADA PRINCIPAL--NOME PESSOAL
Nome pessoal Rossi, J.R.
100 1# - ENTRADA PRINCIPAL--NOME PESSOAL
Nome pessoal Marucci, S.C.
100 1# - ENTRADA PRINCIPAL--NOME PESSOAL
Nome pessoal Alves, E.C. da
100 1# - ENTRADA PRINCIPAL--NOME PESSOAL
Nome pessoal Volpe, H.X.L.
100 1# - ENTRADA PRINCIPAL--NOME PESSOAL
Nome pessoal Ferraudo, A.S.
100 1# - ENTRADA PRINCIPAL--NOME PESSOAL
Nome pessoal Lemos, M.V.F.
100 1# - ENTRADA PRINCIPAL--NOME PESSOAL
Nome pessoal Desidério, J.A.
245 1# - TÍTULO
Título Atividade tóxica de isolados de Bacillus thuringiensis a larvas de Aedes aegypti (L.)(Diptera: Culicidae)
650 ## - ASSUNTO--TERMO TÓPICO
Cabeçalho tópico ou nome geográfico PRAGA DE ANIMAL
650 ## - ASSUNTO--TERMO TÓPICO
Cabeçalho tópico ou nome geográfico DIPTERA
650 ## - ASSUNTO--TERMO TÓPICO
Cabeçalho tópico ou nome geográfico MOSQUITO
650 ## - ASSUNTO--TERMO TÓPICO
Cabeçalho tópico ou nome geográfico CONTROLE BIOLÓGICO
650 ## - ASSUNTO--TERMO TÓPICO
Cabeçalho tópico ou nome geográfico BACILLUS THURINGIENSIS
650 ## - ASSUNTO--TERMO TÓPICO
Cabeçalho tópico ou nome geográfico BACTÉRIA
773 0# - ENTRADA ANALÍTICA
Título Neotropical Entomology (Brazil)
ISSN - International Standard Serial Number ISSN 1519-566X
Partes relacionadas (Sep-Oct 2010), v. 39(5) p. 757-766
Número de controle do registro BR2012005559
909 ## -
-- 202311
-- Lúcia
-- 55
-- Lúcia Elande
942 ## - ELEMENTOS DE ENTRADA ADICIONADOS (KOHA)
Fonte da classificação ou esquema de arquivamento na estante Classificação AGRIS
Ocultar no OPAC Não
Tipo de material Koha Analítica
Exemplares
Situação do descarte Fonte da classificação ou esquema de arquivamento na estante Situação física Não pode ser emprestado Biblioteca de origem Biblioteca atual Localização na estante Enumeração do periódico / cronologia Total de empréstimos Data de último acesso Número do exemplar Tipo de material Koha Fonte de aquisição
  Classificação AGRIS   Consulta local Biblioteca Nacional de Agricultura - Binagri Biblioteca Nacional de Agricultura - Binagri   (Sep-Oct 2010), v. 39(5) p. 757-766   29/11/2023 01 Periódicos Portaria Interministerial nº 164/94

BINAGRI

Telefone: (61)3218-2567/2388/3357/2097 - binagri@agro.gov.br

Ministério da Agricultura e Pecuária , Esplanada dos Ministérios, Bloco D, Anexo B, Brasília/DF, CEP: 70.043-900